Statistics for NCAA Division 1 Cross Country Champions

Click here to take the quiz!

General Stats

  • This quiz has been taken 28 times
    (26 since last reset)
  • The average score is 25 of 40

Answer Stats

HintAnswer% Correct
2019BYU
95%
1997; 1999; 2001; 2002; 2020BYU
95%
1984; 1986-1987; 1990-1993; 1995; 1998-2000Arkansas
90%
2019Arkansas
90%
1996; 2003; 2005-2007Stanford
90%
1996-1997; 2002-2003Stanford
90%
2001; 2004; 2006; 2013-2014Colorado
85%
2000; 2004; 2018Colorado
85%
2021-2023North Carolina State
85%
1983; 1987; 2012; 2016Oregon
85%
1961; 1971; 1973-1974; 1977; 2007-2008Oregon
85%
1986Texas
80%
1982; 1985; 1988; 2005; 2011Wisconsin
80%
1984-1985Wisconsin
80%
1949; 1952; 1955-1956; 1958-1959Michigan State
70%
2014Michigan State
70%
2009-2010; 2012; 2023Oklahoma State
70%
1981-1982Virginia
70%
2008Washington
70%
2015; 2017New Mexico
65%
2016-2019; 2020-2022Northern Arizona
65%
1957Notre Dame
65%
1972Tennessee
65%
1989; 1994Iowa State
60%
1953Kansas
60%
1951; 2015Syracuse
60%
1938; 1940; 1942Indiana
55%
1988Kentucky
55%
1961Oregon State
50%
1942; 1947; 1950Penn State
50%
1989-1994; 1998; 2009-2010Villanova
50%
1966-1968; 1970Villanova
50%
1941Rhode Island
45%
1960Houston
35%
1969; 1975-1976; 1978-1981; 1983UTEP
35%
1944-1946Drake
25%
2011Georgetown
25%
1995; 2013Providence
15%
1962-1963San Jose State
10%
1964-1965Western Michigan
10%

Score Distribution

Percentile by Number Answered

Percent of People with Each Score

Your Score History

You have not taken this quiz since the last reset